| 000 | 00623 a2200193 4500 | ||
|---|---|---|---|
| 020 | _a0486449955 | ||
| 020 | _a9780486449951 | ||
| 082 | _a519.32 | ||
| 090 |
_c959 _d959 |
||
| 100 | 1 | _aFriedman, Avner. | |
| 245 | 1 | 0 |
_aDifferential games / _cAvner Friedman. |
| 260 |
_a[S.l.] : _bDover Publications, _c2006. |
||
| 300 |
_a368 p. ; _c22 cm. |
||
| 490 | 1 | _aDover books on mathematics. | |
| 700 | _aFriedman, Avner. | ||
| 830 | 0 | _aDover books on mathematics. | |
| 942 |
_aSNS _cBK _k519.32 FRI |
||
| 999 |
_c29578 _d29578 |
||